Statistics for F.R.I.E.N.D.S A-Z answers

Click here to take the quiz!

General Stats

  • This quiz has been taken 294 times
  • The average score is 16 of 26

Answer Stats

LetterHintAnswer% Correct
CThe name of Ross's lesbian Ex-Wife.Carol
97%
GCentral Perk manager who's obsessed with Rachel.Gunther
93%
AThe name of the character who gets Emma's name wrong.Amy Green
92%
IThe country where Paolo comes from.Italy
91%
UPhoebe's twin sister.Ursula
84%
TBody part that Phoebe finds in her soda.Thumb
81%
YWhere Chandler 'moves' to escape Janice.Yemen
80%
HDownstairs neighbour who complains about the noise.Heckles
79%
WCofounder of the 'I hate Rachel Green' club.Will
76%
DJoey's pregnant younger sister who goes to Rachel for advice.Dina
75%
OProfession of the man who Rachel left at the alter.Orthodontist
67%
LAnimal who Phoebe likens Ross and Rachel to.Lobster
66%
MPhoebe's profession.Masseuse
63%
SRoss went dressed up as this for Halloween.Spudnik
63%
VThe name of Charles Bing's Las Vegas all-male burlesque.Viva Las Gaygas
63%
RThe name of Phoebe's alter ego.Regina Phalange
62%
PThe overly enthusiastic guy that Phoebe dates.Parker
61%
ZSurname of Rachel's boss at Ralph Lauren.Zelner
56%
XThe girl who Ross cheated on Rachel with worked for this company.Xerox
53%
NCountry that Joey believes to be a fictional place.Netherlands
52%
FThe psychiatrist who Joey portrayed in a musical.Freud
49%
QThe only person who Monica will get her wedding china out for.Queen of England
44%
JThe name of the teacher who Phoebe 'plays the field' with.Jason
28%
KWhose sonic blaster gun Chandler swallows.Krog
14%
BThe surname of woman with a fake British accent.Buffamonteezi
8%
EThe name of Nora Bing's book.Euphoria Unbound
5%

Score Distribution

Percentile by Number Answered

Percent of People with Each Score

Your Score History

You have not taken this quiz